[Event "GER-ch NSV Online 1st"]
[Site "Playchess.com INT"]
[Date "2020.04.26"]
[Round "12"]
[White "Dralle, Hannes"]
[Black "Grosselohmann, Gerhard Heinrich"]
[Result "0-1"]
[WhiteElo "1732"]
[BlackElo "1965"]
[PlyCount "132"]
[EventDate "2020.04.26"]
[EventType "swiss (blitz)"]
[EventRounds "13"]
[EventCountry "GER"]
[SourceTitle "CBM 196 Extra"]
[Source "ChessBase"]
[SourceDate "2020.07.31"]
[SourceVersion "1"]
[SourceVersionDate "2020.07.31"]
[SourceQuality "1"]

1. e4 c5 2. Nf3 d6 3. d4 cxd4 4. Nxd4 Nf6 5. Nc3 a6 6. f3 g6 7. Be3 Bg7 8. Qd2 Nbd7 9. 0-0-0 b5 10. h4 h5 11. Nb3 Bb7 12. a3 Rc8 13. Nd5 Nxd5 14. exd5 Ne5 15. Na5 Ba8 16. f4 Ng4 17. Bd4 Bxd4 18. Qxd4 0-0 19. Nc6 Bxc6 20. dxc6 Rxc6 21. Bd3 Qb6 22. Qxb6 Rxb6 23. f5 Nf2 24. fxg6 Nxh1 25. Rxh1 f5 26. Rf1 e6 27. Re1 e5 28. a4 Kg7 29. axb5 axb5 30. Be2 Kxg6 31. Rd1 Rd8 32. Rd5 Kf6 33. b3 Rg8 34. Bf1 Rg4 35. Kd2 Rxh4 36. Bxb5 Ke6 37. Bc4 Kf6 38. Ra5 Rd4+ 39. Kc3 Rc6 40. Kb2 Rdxc4 41. bxc4 Rxc4 42. Kb3 Rc6 43. Ra1 Kg5 44. c3 Kg4 45. Kc2 h4 46. Kd2 e4 47. Rf1 f4 48. Rg1 d5 49. Ke2 Kg3 50. Kd2 Rc4 51. Kc2 Ra4 52. Kd2 Ra2+ 53. Kc1 Rxg2 54. Rf1 h3 55. c4 dxc4 56. Kd1 h2 57. Kc1 Rg1 58. Rxg1+ hxg1Q+ 59. Kc2 Qe3 60. Kb2 Qb3+ 61. Ka1 Qe3 62. Kb1 Qf2 63. Kc1 Kf3 64. Kb1 c3 65. Kc1 Qd2+ 66. Kb1 Qb2# 0-1

[Event "WchT Seniors 50"]
[Site "Prague"]
[Date "2020.03.07"]
[Round "2.20"]
[White "Svanda, Pavel"]
[Black "Grosselohmann, Gerhard Heinrich"]
[Result "1-0"]
[WhiteElo "2074"]
[BlackElo "1965"]
[PlyCount "53"]
[EventDate "2020.03.06"]
[EventType "team-swiss"]
[EventRounds "7"]
[EventCountry "CZE"]
[SourceTitle "CBM 195 Extra"]
[Source "ChessBase"]
[SourceDate "2020.05.31"]
[SourceVersion "1"]
[SourceVersionDate "2020.05.31"]
[SourceQuality "1"]
[WhiteTeam "Czech Republic 50 VIII"]
[BlackTeam "Germany 50 X"]
[WhiteTeamCountry "CZE"]
[BlackTeamCountry "GER"]

1. e4 c5 2. Nf3 d6 3. Bc4 Nc6 4. c3 Nf6 5. d3 g6 6. 0-0 Bg7 7. Re1 0-0 8. Nbd2 a6 9. Bb3 Nh5 10. Nf1 Rb8 11. Be3 Nf6 12. h3 b5 13. Qd2 Bb7 14. Bh6 e6 15. Bxg7 Kxg7 16. Ng3 e5 17. Rad1 Qc7 18. Nf5+ Kh8 19. Qh6 Rg8 20. Ng5 Nd8 21. d4 c4 22. Bc2 exd4 23. Rxd4 gxf5 24. Qxf6+ Rg7 25. exf5 Nc6 26. Rg4 Rbg8 27. Rh4 1-0

[Event "WchT Seniors 50"]
[Site "Radebeul"]
[Date "2016.07.03"]
[Round "8.28"]
[White "Grosselohmann, Gerhard Heinrich"]
[Black "Schmidt, Hans Gerd"]
[Result "1-0"]
[WhiteElo "2004"]
[BlackElo "1935"]
[PlyCount "67"]
[EventDate "2016.06.26"]
[EventType "team-swiss"]
[EventRounds "9"]
[EventCountry "GER"]
[SourceTitle "CBM 173 Extra"]
[Source "ChessBase"]
[SourceDate "2016.08.29"]
[SourceVersion "1"]
[SourceVersionDate "2016.08.29"]
[SourceQuality "1"]
[WhiteTeam "Deutsche Schach Loewen"]
[BlackTeam "Coswig 1920"]
[WhiteTeamCountry "GER"]
[BlackTeamCountry "GER"]

1. d4 Nf6 2. c4 g6 3. Nc3 Bg7 4. e4 d6 5. f3 0-0 6. Bg5 h6 7. Be3 a6 8. Qd2 Kh7 9. Nge2 Nbd7 10. Nc1 e5 11. d5 Ng8 12. Bd3 Ne7 13. N1e2 b6 14. Bc2 Nc5 15. b4 Nb7 16. Rb1 f5 17. exf5 Nxf5 18. Bf2 Qf6 19. Ne4 Qf7 20. 0-0 Bd7 21. Qd3 a5 22. a3 axb4 23. axb4 Ra2 24. c5 Ba4 25. Bxa4 Rxa4 26. cxb6 cxb6 27. Bxb6 Rfa8 28. Rfc1 Ra3 29. Qb5 Nh4 30. Rc7 Nxf3+ 31. gxf3 Qxf3 32. Qd7 Rg8 33. N2g3 Qd3 34. Rf1 1-0

[Event "WchT Seniors 50"]
[Site "Radebeul"]
[Date "2016.07.01"]
[Round "6.21"]
[White "Grosselohmann, Gerhard Heinrich"]
[Black "Just, Joachim"]
[Result "1/2-1/2"]
[WhiteElo "2004"]
[BlackElo "1926"]
[PlyCount "117"]
[EventDate "2016.06.26"]
[EventType "team-swiss"]
[EventRounds "9"]
[EventCountry "GER"]
[SourceTitle "CBM 173 Extra"]
[Source "ChessBase"]
[SourceDate "2016.08.29"]
[SourceVersion "1"]
[SourceVersionDate "2016.08.29"]
[SourceQuality "1"]
[WhiteTeam "Deutsche Schach Loewen"]
[BlackTeam "Zeitz Schachfreunde"]
[WhiteTeamCountry "GER"]
[BlackTeamCountry "GER"]

1. d4 d5 2. Nf3 c6 3. g3 Nf6 4. Bg2 g6 5. 0-0 Bg7 6. c4 0-0 7. Nc3 e6 8. Qc2 Nbd7 9. Rd1 Qe7 10. b3 Re8 11. Bb2 Nh5 12. e4 dxe4 13. Nxe4 Nhf6 14. Nfd2 Nh5 15. Re1 Qd8 16. Rad1 Qc7 17. c5 Nhf6 18. Nc4 Nd5 19. Ned6 Re7 20. Bh3 Nf8 21. Re2 Bd7 22. Ne5 Be8 23. Rde1 Rd8 24. a3 Nd7 25. Bc1 h6 26. Nd3 Kh7 27. Bb2 Nf8 28. f4 f5 29. Ne5 Nf6 30. Bg2 Nd5 31. Kh1 Bf6 32. Qd2 Bg7 33. Qd3 Nf6 34. b4 a6 35. Qb3 Nd5 36. Bf1 Bf6 37. Rc2 Nd7 38. Nec4 Nf8 39. Bg2 Bg7 40. Rce2 Nf6 41. Ne5 N6d7 42. Nec4 Nf6 43. Nb6 Bh8 44. a4 N6d7 45. Nbc4 Nf6 46. Nxe8 Nxe8 47. Ne5 Bxe5 48. Rxe5 Red7 49. d5 cxd5 50. Bd4 Nf6 51. R5e2 Ne4 52. Qd3 Rf7 53. Bb2 Nd7 54. Qd4 Ndf6 55. Rc1 Qd7 56. Ra1 Ng4 57. Kg1 Qe7 58. Qd3 h5 59. Bf3 1/2-1/2

[Event "WchT Seniors 50"]
[Site "Radebeul"]
[Date "2016.06.26"]
[Round "1.2"]
[White "Grosselohmann, Gerhard Heinrich"]
[Black "Hoehn, Michael"]
[Result "0-1"]
[WhiteElo "2004"]
[BlackElo "2069"]
[PlyCount "60"]
[EventDate "2016.06.26"]
[EventType "team-swiss"]
[EventRounds "9"]
[EventCountry "GER"]
[SourceTitle "CBM 173 Extra"]
[Source "ChessBase"]
[SourceDate "2016.08.29"]
[SourceVersion "1"]
[SourceVersionDate "2016.08.29"]
[SourceQuality "1"]
[WhiteTeam "Deutsche Schach Loewen"]
[BlackTeam "Offenbach"]
[WhiteTeamCountry "GER"]
[BlackTeamCountry "GER"]

1. d4 Nf6 2. c4 g6 3. Nc3 d5 4. cxd5 Nxd5 5. g3 Bg7 6. Bg2 Nxc3 7. bxc3 c5 8. e3 0-0 9. Ne2 Qc7 10. 0-0 Na6 11. Qb3 Rb8 12. Bb2 b5 13. Rac1 Bb7 14. e4 e5 15. Ba3 Qb6 16. Kh1 exd4 17. cxd4 c4 18. Qe3 b4 19. Bb2 c3 20. Ba1 Nc7 21. Rb1 Qa5 22. Rb3 Ba6 23. Rfb1 Bc4 24. Nc1 Bxb3 25. Rxb3 Nb5 26. e5 Nxd4 27. Qxd4 Rfd8 28. Qg4 Qxe5 29. Bf3 Qe1+ 30. Kg2 Qxc1 0-1

[Event "Werther Schloss op-A 12th"]
[Site "Werther"]
[Date "2006.04.08"]
[Round "4"]
[White "Schuh, Dirk"]
[Black "Grosselohmann, Gerhard Heinrich"]
[Result "1-0"]
[WhiteElo "2279"]
[BlackElo "2132"]
[PlyCount "97"]
[EventDate "2006.04.06"]
[EventType "swiss"]
[EventRounds "7"]
[EventCountry "GER"]
[SourceTitle "CBM 111 Extra"]
[Source "ChessBase"]
[SourceDate "2006.05.09"]
[SourceVersion "1"]
[SourceVersionDate "2006.05.09"]
[SourceQuality "1"]

1. e4 c5 2. c3 Nf6 3. e5 Nd5 4. d4 e6 5. Nf3 cxd4 6. cxd4 d6 7. Bc4 Nb6 8. Bd3 Be7 9. 0-0 Bd7 10. Nc3 Bc6 11. Ne4 Bxe4 12. Bxe4 Nc6 13. Qe2 Rc8 14. Rd1 d5 15. Bb1 Qc7 16. h4 a6 17. Bg5 h6 18. Bf4 Nc4 19. a3 Qb6 20. Ba2 Na7 21. Rac1 Na5 22. Rxc8+ Nxc8 23. h5 Na7 24. Ne1 N5c6 25. Be3 Bf8 26. f4 Nc8 27. f5 N8e7 28. fxe6 fxe6 29. Bb1 Kd7 30. Qf2 Nd8 31. Nd3 Kc8 32. Rc1+ Nec6 33. Nf4 Be7 34. Ng6 Re8 35. b4 Kb8 36. Bd3 Na7 37. Be2 Nb5 38. a4 Nc7 39. b5 axb5 40. axb5 Ba3 41. Ra1 Bb4 42. Rb1 Ba3 43. Bf1 Na8 44. Qa2 Be7 45. Ra1 Nc7 46. Qa4 Bf8 47. Bd2 Kc8 48. Ba5 Qa7 49. b6 1-0

[Event "Werther Schloss op-A 10th"]
[Site "Werther"]
[Date "2004.04.03"]
[Round "2"]
[White "Grosselohmann, Gerhard Heinrich"]
[Black "Schmidt, Oliver"]
[Result "1-0"]
[WhiteElo "2160"]
[BlackElo "2074"]
[PlyCount "97"]
[EventDate "2004.04.02"]
[EventType "swiss"]
[EventRounds "5"]
[EventCountry "GER"]
[SourceTitle "CBM 099 Extra"]
[Source "ChessBase"]
[SourceDate "2004.05.04"]
[SourceVersion "1"]
[SourceVersionDate "2004.05.04"]
[SourceQuality "1"]

1. d4 c5 2. d5 e5 3. c4 d6 4. Nc3 Be7 5. g3 Nd7 6. Bg2 a6 7. Nf3 Rb8 8. a4 b6 9. e4 g5 10. h3 h5 11. Qd2 f6 12. Nd1 Nh6 13. Ne3 a5 14. Qe2 Kf7 15. Nh2 Kg6 16. Bf3 Nf7 17. Nf5 Rb7 18. Nf1 Nb8 19. h4 Bxf5 20. exf5+ Kg7 21. Bxh5 Qc8 22. g4 Na6 23. Qe4 Qd8 24. Ra3 gxh4 25. Bxf7 Kxf7 26. Rah3 Bf8 27. Rxh4 Rxh4 28. Rxh4 Kg8 29. Qh1 Bg7 30. Rh7 Rf7 31. Qh5 Qe8 32. b3 Nc7 33. Qg6 Re7 34. Ng3 Qxg6 35. fxg6 Bf8 36. Rxe7 Bxe7 37. Nf5 Bf8 38. g5 Ne8 39. Ke2 Bg7 40. Kf3 Bf8 41. Kg4 Bg7 42. Ne7+ Kf8 43. Nc8 Bh8 44. Kf5 fxg5 45. Bxg5 Ng7+ 46. Ke4 Ne8 47. Be7+ Kg7 48. Nxd6 Nc7 49. Nf7 1-0

[Event "Werther Schloss op-A 7th"]
[Site "Werther"]
[Date "2001.04.08"]
[Round "5"]
[White "Peric, Slavisa"]
[Black "Grosselohmann, Gerhard Heinrich"]
[Result "1-0"]
[WhiteElo "2288"]
[BlackElo "2137"]
[PlyCount "116"]
[EventDate "2001.04.06"]
[EventType "swiss"]
[EventRounds "5"]
[EventCountry "GER"]
[SourceTitle "EXT 2002"]
[Source "ChessBase"]
[SourceDate "2001.11.25"]
[SourceVersion "1"]
[SourceVersionDate "2001.11.25"]
[SourceQuality "1"]

1. d4 d5 2. Nf3 Nf6 3. e3 e6 4. c4 Be7 5. Nc3 0-0 6. Bd3 Nbd7 7. 0-0 c5 8. Qe2 cxd4 9. exd4 dxc4 10. Bxc4 Nb6 11. Bb3 Nbd5 12. Ne5 Bd7 13. Bd2 Rc8 14. Rae1 Bc6 15. Rd1 a6 16. Kh1 b5 17. f4 g6 18. Nxc6 Rxc6 19. g4 Nb6 20. f5 Nfd5 21. Bh6 Re8 22. fxg6 hxg6 23. Ne4 Bf8 24. Bg5 Qc7 25. Bf6 Nc4 26. Rf3 Bg7 27. Bxg7 Kxg7 28. Ng5 Nd6 29. Qe5+ Kg8 30. Rh3 f6 31. Nxe6 fxe5 32. Nxc7 Rxc7 33. dxe5 Rxe5 34. Rhd3 Nc4 35. Rxd5 Rxd5 36. Rxd5 Kg7 37. g5 Re7 38. Bxc4 bxc4 39. Rd2 a5 40. Kg2 Re4 41. Kf3 Rh4 42. Kg3 Re4 43. h4 c3 44. bxc3 Re3+ 45. Kf4 Rxc3 46. Rd7+ Kg8 47. Ke5 Rf3 48. Ra7 Rf2 49. a4 Rf5+ 50. Ke6 Kh8 51. Rf7 Rc5 52. Rd7 Kg8 53. Rd5 Rc6+ 54. Rd6 Rc4 55. Kf6 Rxh4 56. Kxg6 Kf8 57. Rf6+ Ke7 58. Rf7+ Ke6 1-0

[Event "Werther Schloss op-A 7th"]
[Site "Werther"]
[Date "2001.04.06"]
[Round "1"]
[White "Krueger, Michael"]
[Black "Grosselohmann, Gerhard Heinrich"]
[Result "1-0"]
[WhiteElo "1952"]
[BlackElo "2137"]
[PlyCount "107"]
[EventDate "2001.04.06"]
[EventType "swiss"]
[EventRounds "5"]
[EventCountry "GER"]
[SourceTitle "EXT 2002"]
[Source "ChessBase"]
[SourceDate "2001.11.25"]
[SourceVersion "1"]
[SourceVersionDate "2001.11.25"]
[SourceQuality "1"]

1. e4 c5 2. Nf3 Nc6 3. Bc4 g6 4. c3 Nf6 5. e5 Ng8 6. d4 Bg7 7. 0-0 d6 8. exd6 Qxd6 9. Ng5 Nh6 10. Ne4 Qc7 11. Nxc5 0-0 12. Bd5 Rd8 13. Bf3 Nf5 14. Nd3 b6 15. d5 Ne5 16. Bf4 Nxf3+ 17. Qxf3 Nd6 18. Na3 Bb7 19. Nb5 Qc4 20. Nxd6 exd6 21. Nb4 a5 22. Nc6 Bxc6 23. dxc6 Rac8 24. Rfe1 Qxc6 25. Qxc6 Rxc6 26. Rad1 b5 27. a3 b4 28. axb4 axb4 29. cxb4 Bxb2 30. Rb1 Bf6 31. b5 Rb6 32. Be3 Rb7 33. b6 Kg7 34. Rec1 Rdd7 35. Rc6 d5 36. Bf4 Bd8 37. Be5+ Kf8 38. Bd4 f5 39. Ra1 Kf7 40. Kf1 Ke8 41. Ra8 Kf7 42. Ke2 g5 43. Kd2 h5 44. Kc3 h4 45. Kb4 Be7+ 46. Kb5 Bd6 47. h3 g4 48. Ka6 gxh3 49. gxh3 Ke7 50. Ra7 Rb8 51. b7 Rc7 52. Rxc7+ Bxc7 53. Ra8 Ke6 54. Ba7 1-0

[Event "Werther Schloss op-A 6th"]
[Site "Werther"]
[Date "2000.04.15"]
[Round "3"]
[White "Simonenko, Sergei"]
[Black "Grosselohmann, Gerhard Heinrich"]
[Result "1-0"]
[WhiteElo "2440"]
[BlackElo "2135"]
[PlyCount "49"]
[EventDate "2000.04.14"]
[EventType "swiss"]
[EventRounds "5"]
[EventCountry "GER"]
[SourceTitle "CBM 075 Extra"]
[Source "ChessBase"]
[SourceDate "2000.05.11"]
[SourceVersion "2"]
[SourceVersionDate "2000.05.11"]
[SourceQuality "1"]

1. d4 d5 2. c4 e6 3. Nf3 Nf6 4. g3 Bb4+ 5. Bd2 Be7 6. Bg2 0-0 7. 0-0 c6 8. Qc2 Nbd7 9. Bf4 dxc4 10. Qxc4 Nd5 11. Nc3 Nxf4 12. gxf4 Nb6 13. Qb3 Nd5 14. e3 Qb6 15. Qc2 Rd8 16. Ne5 f6 17. Nc4 Qc7 18. Be4 f5 19. Bf3 Bd7 20. Ne5 Rac8 21. Rac1 Bd6 22. Qb3 Qb8 23. Nxd5 cxd5 24. Bxd5 Kf8 25. Nxd7+ 1-0

[Event "Lippstadt op"]
[Site "Lippstadt"]
[Date "2000.??.??"]
[Round "?"]
[White "Grosselohmann, Gerhard Heinrich"]
[Black "Plachetka, Jan"]
[Result "0-1"]
[WhiteElo "2135"]
[BlackElo "2388"]
[PlyCount "80"]
[EventDate "2000.06.??"]
[EventType "swiss"]
[EventRounds "9"]
[EventCountry "GER"]
[SourceTitle "EXT 2001"]
[Source "ChessBase"]
[SourceDate "2000.11.22"]
[SourceVersion "1"]
[SourceVersionDate "2000.11.22"]
[SourceQuality "1"]

1. d4 Nf6 2. c4 c5 3. Nf3 cxd4 4. Nxd4 e6 5. g3 d5 6. Bg2 e5 7. Nf3 d4 8. 0-0 Nc6 9. e3 Be7 10. exd4 exd4 11. a3 a5 12. Nbd2 d3 13. Re1 0-0 14. b3 Bc5 15. Ne4 Nxe4 16. Rxe4 Bf5 17. Re1 Qb6 18. Ra2 Rad8 19. Be3 h6 20. Bxc5 Qxc5 21. Qc1 Be6 22. Rd2 a4 23. b4 Qxc4 24. Qxc4 Bxc4 25. Re3 Rd6 26. Bf1 Rfd8 27. Ne1 Nd4 28. Bxd3 Nf5 29. Rf3 g6 30. g4 Nh4 31. Rg3 g5 32. h3 Ng6 33. Re3 Nf4 34. Bxc4 Rxd2 35. Bb5 R8d6 36. Bxa4 Re6 37. Rxe6 fxe6 38. Bb3 Kf7 39. Nf3 Nxh3+ 40. Kh1 Nxf2+ 0-1